Spon's mechanical and electrical services price book (Record no. 115847)
[ view plain ]
| 000 -LEADER | |
|---|---|
| fixed length control field | 00944cam a22002535a 4500 |
| 001 - CONTROL NUMBER | |
| control field | L159377 |
| 008 - FIXED-LENGTH DATA ELEMENTS--GENERAL INFORMATION | |
| fixed length control field | 161222s2016 xxk f 001 0 eng d |
| 020 ## - INTERNATIONAL STANDARD BOOK NUMBER | |
| International Standard Book Number | 9781498786164 |
| 035 ## - SYSTEM CONTROL NUMBER | |
| System control number | (Sirsi) u159377 |
| 041 0# - LANGUAGE CODE | |
| Language code of text/sound track or separate title | eng |
| 050 04 - LIBRARY OF CONGRESS CALL NUMBER | |
| Classification number | 692.5 $2 18 |
| 110 2# - MAIN ENTRY--CORPORATE NAME | |
| Corporate name or jurisdiction name as entry element | AECOM |
| 245 00 - TITLE STATEMENT | |
| Title | Spon's mechanical and electrical services price book |
| Remainder of title | 2017 |
| 250 ## - EDITION STATEMENT | |
| Edition statement | 48th edition |
| 260 ## - PUBLICATION, DISTRIBUTION, ETC. | |
| Place of publication, distribution, etc. | London |
| Name of publisher, distributor, etc. | CRC Press |
| -- | Taylor and Francis |
| Date of publication, distribution, etc. | 2016 |
| 300 ## - PHYSICAL DESCRIPTION | |
| Extent | viiii, 816p. |
| Dimensions | 26cm. |
| 520 ## - SUMMARY, ETC. | |
| Summary, etc. | Provides costings for mechanical and electrical services inccluding material costs, measured work prices, labour and daywork rates. Engineering features include Building Information Modelling (BIM), Building Management Systems (BMS), Renewable energy, RICS Ska Rating, Aggregates Levy and VAT. |
| 521 ## - TARGET AUDIENCE NOTE | |
| Target audience note | Advanced |
| 590 ## - LOCAL NOTE (RLIN) | |
| Local note | KA |
| 651 #4 - SUBJECT ADDED ENTRY--GEOGRAPHIC NAME | |
| Geographic name | United Kingdom |
| Chronological subdivision | |
| 690 ## - LOCAL SUBJECT ADDED ENTRY--TOPICAL TERM (OCLC, RLIN) | |
| Topical term or geographic name as entry element | Cost management |
| 9 (RLIN) | 6233 |
| 690 ## - LOCAL SUBJECT ADDED ENTRY--TOPICAL TERM (OCLC, RLIN) | |
| Topical term or geographic name as entry element | Infrastructure |
| 9 (RLIN) | 6246 |
| 942 ## - ADDED ENTRY ELEMENTS (KOHA) | |
| Suppress in OPAC | 0 |
| Withdrawn status | Lost status | Source of classification or shelving scheme | Damaged status | Not for loan | Home library | Current library | Shelving location | Date acquired | Total Checkouts | Full call number | Barcode | Date last seen | Copy number | Price effective from | Koha item type |
|---|---|---|---|---|---|---|---|---|---|---|---|---|---|---|---|
| Dewey Decimal Classification | Archives | Archives | Basement | 22/12/2016 | Basement 692.5 SPO | 30079035 | 03/06/2026 | 1 | 06/08/2019 | Book |